000 00323nam a22001457a 4500
003 SGT
082 _a302
_bM00A
100 _aAMIC
245 _aMEDIA AND HUMAN RIGHT IN ASIA
250 _a1ST
260 _aSINGAPURE
_bASIAN MEDIA INFORMATION
_c2000
300 _a290
650 _aMASS COMMUNICATION
942 _2ddc
_cBK
_03
999 _c12941
_d12941